| 000 | 00461nam a2200169 a 4500 | ||
|---|---|---|---|
| 082 | 0 | 0 |
_a338.9549 _bBHA1 |
| 100 | _aBhatia, B M | ||
| 245 | _aPakistan`s Econimic Development 1948-1988 | ||
| 260 |
_aDelhi _bKonark Publishers _c1989 |
||
| 300 | _a323p | ||
| 500 | _aincludes index and biblioraphy | ||
| 650 | _aEconomics-Pakistan | ||
| 650 | _aDevelopment Strategies-Pakistan | ||
| 650 | _aPakistan-Economic Development | ||
| 700 | 1 | _aBhatia, B M | |
| 942 | _cBK | ||
| 999 |
_c7221 _d7221 |
||